Avengers Members in the MCU - Statistics

General Stats
  • This quiz has been taken 95 times
  • The average score is 14 of 17
Answer Stats
Avenger % Correct
Hulk
100%
Black Widow
99%
Captain America
99%
Hawkeye
99%
Iron Man
99%
Thor
99%
Spider-Man
92%
Scarlet Witch
90%
Ant-Man
87%
Falcon
87%
Vision
82%
War Machine
82%
Quicksilver
78%
Captain Marvel
65%
Rocket Raccoon
43%
Nebula
42%
Okoye
37%
No matching quizzes found
Score Distribution
Percent of People with Each Score
Percentile by Number Answered
Your Score History
You have not taken this quiz